Statistics for 1.HNL all-time members/Svi klubovi 1.HNL 1992-

Click here to take the quiz!

General Stats

  • This quiz has been taken 97 times
  • The average score is 19 of 36

Answer Stats

No. of seasons in 1.HNLClub% Correct
24Dinamo
100%
24Rijeka
100%
24Hajduk
99%
16Istra 1961
99%
24Osijek
98%
21Varteks
93%
18Sibenik
89%
18Slaven Belupo
88%
23Zagreb
83%
6Lokomotiva
82%
19Zadar
80%
5Split
77%
15Inter Zapresic
72%
20Cibalia
71%
1Vukovar 91
67%
8Hr. Dragovoljac
63%
3Karlovac
55%
3Dubrovnik
54%
6Marsonia
46%
6Kamen Ingrad
43%
5Međimurje
35%
1Orijent
34%
5Segesta
33%
2Cakovec
29%
1Lucko
28%
1Dubrava
25%
2Pazinka
20%
1TŠK
20%
2Croatia Sesvete
19%
2Primorac
19%
2Radnik
19%
1Samobor
19%
3Belisce
18%
3Mladost 127
18%
2Pomorac
17%
1Neretva
16%

Score Distribution

Percentile by Number Answered

Percent of People with Each Score

Your Score History

You have not taken this quiz